000
00264nam a2200097Ia 4500
082
_a
616.722|FOX
245
0
_a
Arthritis for dummies
100
_a
Fox, Barry Hoboken, NJ, (-2004) 2nd ed
_9
47100
942
_c
BK
008
210817s9999 xx 000 0 und d
999
_c
154271
_d
154270